000 00597nam a2200229Ia 4500
003 OSt
005 20221002054930.0
006 a|||||r|||| 00| 0
007 ta
008 220930b |||||||| |||| 00| 0 urd d
024 _a71131
037 _cReference Collections
040 _aCRL
_cCRL
_burd
041 _2urd
_aurd
082 _aO168,1N16:g, N1(RR)
100 _aSajid Zia Au.
_9576499
245 0 _aMitti ka samundar
260 _c1991
650 _aURDU POETRY
942 _hO168,1N16:g, N1(RR)
_cref
_2CC
999 _c926244
_d926244